History Quiz

Random History or Clickable Quiz

This Date in History: May 6th Quiz Stats

 Plays Quiz not verified by Sporcle

Challenge
Share
Tweet
Embed
Score 0/20 Timer 07:00
0 Plays Today
% Correct
2013
88.1%
1945
86.9%
2004
85.7%
1889
81%
1536
81%
1937
78.6%
1961
76.2%
1915
73.8%
1931
72.6%
1527
69%
% Correct
1861
66.7%
1940
64.3%
1954
61.9%
1949
56%
1953
56%
1856
54.8%
1992
54.8%
1983
53.6%
1862
50%
1989
42.9%

You're not logged in!

Compare scores with friends on all Sporcle quizzes.
OR
Log In

You Might Also Like...

Show Comments

Extras

Created Sep 5, 2014ReportNominate
Tags:Clickable Quiz, 6th, date, event, May

Top Quizzes Today


Score Distribution

Your Account Isn't Verified!

In order to create a playlist on Sporcle, you need to verify the email address you used during registration. Go to your Sporcle Settings to finish the process.

Report this User

Report this user for behavior that violates our Community Guidelines.

Details: